[Event "Mondariz 02"]
[Site "Mondariz"]
[Date "1996.??.??"]
[Round "?"]
[White "Miguel Lago, Victor Miguel"]
[Black "Paragua, Mark"]
[Result "1-0"]
[WhiteElo "2275"]
[BlackElo "2175"]
[PlyCount "77"]
[EventDate "1996.02.??"]
[EventType "tourn"]
[EventRounds "11"]
[EventCountry "ESP"]
[EventCategory "3"]
[SourceTitle "EXT 2004"]
[Source "ChessBase"]
[SourceDate "2003.11.25"]
[SourceVersion "1"]
[SourceVersionDate "2003.11.25"]
[SourceQuality "1"]

1. Nf3 Nf6 2. g3 g6 3. Bg2 Bg7 4. c4 0-0 5. 0-0 d6 6. Nc3 e5 7. d4 Nbd7 8. e4 Re8 9. h3 exd4 10. Nxd4 Nc5 11. Re1 Bd7 12. Rb1 h6 13. Kh2 Ne6 14. Nde2 Ng5 15. Nf4 Qc8 16. Qc2 Re5 17. Ncd5 Nxd5 18. Nxd5 c6 19. f4 Re8 20. fxg5 cxd5 21. gxh6 Be5 22. exd5 Bf5 23. Be4 Bxh3 24. Bf4 Bxf4 25. gxf4 Qg4 26. Qc3 Qxf4+ 27. Kxh3 Re5 28. h7+ Kxh7 29. Qf3 Rh5+ 30. Qxh5+ Kg7 31. Qf3 Qg5 32. Qg3 Rh8+ 33. Kg2 Qd2+ 34. Kg1 Kf8 35. Qxd6+ Kg8 36. Qb8+ Kg7 37. Qe5+ Kg8 38. Bg2 Rh5 39. Qc3 1-0

[Event "Mondariz 04"]
[Site "Mondariz"]
[Date "1996.??.??"]
[Round "2"]
[White "Miguel Lago, Victor Miguel"]
[Black "Perez Fungueiro, Manuel Antonio"]
[Result "0-1"]
[WhiteElo "2275"]
[BlackElo "2260"]
[PlyCount "116"]
[EventDate "1996.04.??"]
[EventType "tourn"]
[EventRounds "10"]
[EventCountry "ESP"]
[EventCategory "3"]
[SourceTitle "EXT 2004"]
[Source "ChessBase"]
[SourceDate "2003.11.25"]
[SourceVersion "1"]
[SourceVersionDate "2003.11.25"]
[SourceQuality "1"]

1. Nf3 Nf6 2. d4 g6 3. c4 Bg7 4. g3 d5 5. cxd5 Nxd5 6. Bg2 0-0 7. 0-0 c5 8. e4 Nf6 9. e5 Nd5 10. Qe2 e6 11. dxc5 Nd7 12. Na3 Nxc5 13. Bg5 Qd7 14. Rfd1 b6 15. Rd4 h6 16. Bf6 Bxf6 17. exf6 Qd8 18. Qd2 h5 19. Qg5 Nd7 20. Rh4 Qxf6 21. Rxh5 Qxb2 22. Rd1 Qf6 23. Qg4 Qg7 24. Rg5 N7f6 25. Qh4 Nh7 26. Re5 Ba6 27. Rde1 Nhf6 28. Qa4 Bb7 29. Nc4 Rfd8 30. h4 Nd7 31. Rg5 Nc5 32. Qa3 Nc3 33. Rge5 Nb5 34. Qb4 a6 35. Nb2 Bc6 36. h5 a5 37. Qc4 Nd6 38. Qe2 Nf5 39. hxg6 Qxg6 40. Nh4 Nxh4 41. Bxc6 Rac8 42. Be4 Nxe4 43. Rxe4 Rd2 44. Qe3 Rxb2 45. Rxh4 Qf6 46. Rg4+ Kf8 47. Rf4 Qg6 48. Qa3+ Rb4 49. Rxb4 axb4 50. Qxb4+ Rc5 51. Qxb6 Rh5 52. Qb4+ Kg8 53. Rc1 Qh6 54. Rc8+ Kh7 55. Qb7 Kg7 56. a4 Qd2 57. Qb1 Qd5 58. Qa1+ e5 0-1

[Event "Mondariz 04"]
[Site "Mondariz"]
[Date "1996.??.??"]
[Round "4"]
[White "Miguel Lago, Victor Miguel"]
[Black "Pert, Nicholas"]
[Result "1/2-1/2"]
[WhiteElo "2275"]
[BlackElo "2195"]
[PlyCount "50"]
[EventDate "1996.04.??"]
[EventType "tourn"]
[EventRounds "10"]
[EventCountry "ESP"]
[EventCategory "3"]
[SourceTitle "EXT 2004"]
[Source "ChessBase"]
[SourceDate "2003.11.25"]
[SourceVersion "1"]
[SourceVersionDate "2003.11.25"]
[SourceQuality "1"]

1. Nf3 f5 2. d4 e6 3. g3 Nf6 4. Bg2 Be7 5. 0-0 0-0 6. c4 d6 7. Nc3 Qe8 8. Qc2 Qh5 9. e4 e5 10. Nd5 Nxd5 11. cxd5 fxe4 12. Qxe4 Bg4 13. Nd2 Nd7 14. dxe5 Nxe5 15. f4 Bf5 16. Qe1 Ng6 17. Ne4 Rae8 18. Be3 Bd8 19. Qb4 Bh3 20. Bf3 Bg4 21. Bg2 Bh3 22. Bf3 Qf5 23. Rf2 Bg4 24. Bg2 Bh3 25. Bf3 Bg4 1/2-1/2